Crónica de los reyes de Navarra / (Record no. 152973)

MARC details
000 -LEADER
campo de control de longitud fija 01045nam a2200265 i 4500
001 - NÚMERO DE CONTROL
campo de control 152973
003 - IDENTIFICADOR DE NÚMERO DE CONTROL
campo de control ES-MaACL
005 - FECHA Y HORA DE LA ÚLTIMA TRANSACCIÓN
campo de control 20250728144732.0
008 - DATOS DE LONGITUD FIJA--INFORMACIÓN GENERAL
campo de control de longitud fija 990303s1843 sp |||| |dspa d
040 ## - FUENTE DE CATALOGACIÓN
Centro catalogador/agencia de origen CCPB | B
Lengua de catalogación spa
Centro/agencia transcriptor CCPB | B
080 ## - NÚMERO DE LA CLASIFICACIÓN DECIMAL UNIVERSAL
Número de la Clasificación Decimal Universal 929.731(460.16)
080 ## - NÚMERO DE LA CLASIFICACIÓN DECIMAL UNIVERSAL
Número de la Clasificación Decimal Universal 94(460.16)".../14"
100 1# - ENTRADA PRINCIPAL--NOMBRE DE PERSONA
Nombre de persona Evreux y Trastámara, Carlos d'
Títulos y otros términos asociados al nombre Príncipe de Viana (
Fechas asociadas al nombre 1421-1461)
9 (RLIN) 146767
245 10 - MENCIÓN DEL TÍTULO
Título Crónica de los reyes de Navarra /
Mención de responsabilidad, etc. escrita por D. Carlos Príncipe de Viana ; y corregida en vista de varios códices e ilustrada con notas por D. José Yanguas y Miranda.
260 ## - PUBLICACIÓN, DISTRIBUCIÓN, ETC.
Lugar de publicación, distribución, etc. Pamplona :
Nombre del editor, distribuidor, etc. [s.n.],
Fecha de publicación, distribución, etc. 1843 (
Fabricante Imp. de D. Teodoro Ochoa)
300 ## - DESCRIPCIÓN FÍSICA
Extensión [4], XLI, 210, [1] p. ;
Dimensiones 21 cm.
597 ## - NOTA DE DESCRIPCIÓN FÍSICA
NOTA DE DESCRIPCIÓN FÍSICA Antep.
597 ## - NOTA DE DESCRIPCIÓN FÍSICA
NOTA DE DESCRIPCIÓN FÍSICA Port. con grab.
651 #4 - PUNTO DE ACCESO ADICIONAL DE MATERIA--NOMBRE GEOGRÁFICO
Nombre geográfico Navarra (Reino)-
Subdivisión general Historia.
9 (RLIN) 9115
651 #4 - PUNTO DE ACCESO ADICIONAL DE MATERIA--NOMBRE GEOGRÁFICO
Nombre geográfico Navarra (Reino)-
Subdivisión general Reyes y soberanos.
9 (RLIN) 156129
700 1# - ENTRADA AGREGADA--NOMBRE PERSONAL
Nombre de persona Yanguas y Miranda, José.
9 (RLIN) 117557
700 1# - ENTRADA AGREGADA--NOMBRE PERSONAL
Nombre de persona Ochoa de Alda, Teodoro,
Fechas asociadas al nombre 1803-1878
9 (RLIN) 130591
852 ## - LOCALIZACIÓN
Ubicación ES-MaACL
Número de control de estantería C-366
Nota libre -- Enc. hol.
Holdings
Estatus retirado Estado de pérdida Estado de daño No para préstamo Colección Biblioteca de origen Biblioteca actual Ubicación en estantería Fecha de adquisición Fuente de adquisición Total de préstamos Signatura topográfica completa Código de barras Visto por última vez Precio de reemplazo Tipo de ítem Koha
        Libros del s. XIX Biblioteca del Ateneo de Madrid Biblioteca del Ateneo de Madrid Sala Palomar 17/01/2008     C-366 1159804 23/02/2023 23/02/2023 Libro impreso antiguo